Cliquez sur la bonne image - Italie - Statistiques

Statistiques générales
  • Ce quiz a été pris 2 142 fois
  • Le résultat moyen est 8 sur 15
Statistiques - réponses
Hint Explanation Réponse % Correct
Gucci Marque de luxe
94%
Latte Café
90%
Rigatoni Pâte
85%
Pecorino Fromage
77%
Lancia Marque automobile
64%
Boticelli Artiste
54%
Verdi Compositeur
51%
Nesta Footballeur
51%
Ventura Acteur
51%
Negroni Cocktail
45%
Rialto Quartier, Pont du même nom
41%
Adige Fleuve
34%
Caracalla Empereur Romain
33%
Solfatare Volcan
26%
Ponza Île
23%
Aucun quiz correspondant
Distribution des résultats
% des personnes avec chaque résultat
Percentile par nombre de réponses
Votre historique - résultats
Vous n’avez pas pris ce quiz